Qui sont ces personnages de Vampire Diaries ? - Statistiques

Statistiques générales
  • Ce quiz a été pris 43 fois
  • Le résultat moyen est 12 sur 16
Statistiques - réponses
Par images Réponse % Correct
Elena Gilbert
100%
Jeremy Gilbert
88%
Bonnie bennett
85%
Caroline Forbes
85%
damon salvatore
85%
stefan salvatore
85%
matt donovan
78%
enzo
73%
Katherine Pierce
73%
Klaus Mikaelson
70%
elijah mikaelson
68%
tyler Lockwood
68%
rebekah mikaelson
60%
Alaric Saltzman
55%
Kai Parker
45%
Lexi Branson
35%
Aucun quiz correspondant
Distribution des résultats
% des personnes avec chaque résultat
Percentile par nombre de réponses
Votre historique - résultats
Vous n’avez pas pris ce quiz